Normal view
MARC view
Entry Personal Name
001 - CONTROL NUMBER
- control field: 667430
003 - CONTROL NUMBER IDENTIFIER
- control field: OSt
005 - DATE AND TIME OF LATEST TRANSACTION
- control field: 20221006154800.0
008 - FIXED-LENGTH DATA ELEMENTS
- fixed length control field: 221006|| aca||aabn | a|a d
040 ## - CATALOGING SOURCE
- Original cataloging agency: OSt
- Transcribing agency: OSt
100 ## - HEADING--PERSONAL NAME
- Personal name: Wang Dehua, etc
670 ## - SOURCE DATA FOUND
- Source citation: Work cat.: (OSt)1107361: Wang Dehua, etc, Reforms and domestic progress white paper, 2008
